| 000 | 00682nam a2200241Ia 4500 | ||
|---|---|---|---|
| 005 | 20250612143416.0 | ||
| 008 | 191130s2005##################000#0#eng## | ||
| 020 |
_a9780007190409 _qpbk |
||
| 041 | _aeng | ||
| 082 | _a823.92 FLE | ||
| 100 | _aFletcher, Susan | ||
| 245 |
_aEve green _cSusan Fletcher |
||
| 250 | _a1st American ed | ||
| 260 |
_aLondon _bHarper Perennial _c2005 |
||
| 300 | _a281 (13) p. ; 22 cm | ||
| 650 | _aFriendship - Fiction | ||
| 650 | _aGirls - Fiction | ||
| 650 | _aGrandparent and child - Fiction | ||
| 650 | _aMaternal deprivation - Fiction | ||
| 650 | _aMissing persons - Fiction | ||
| 650 | _aMothers - Death - Fiction | ||
| 942 | _cENGLISH | ||
| 999 |
_c257500 _d257500 |
||